01183nam a2200169 4500003000900000020001800009040002800027082002100055245005600076250003600132260004200168300003300210504003400243520068400277650003000961650002200991CO-ViMGA a9788408131571 aCO-ViMGAbspacCO-ViMGA04aR030 G845gm201510aGUINNESS WORLD RECORDS 2015 /cCraig Glenday editor aEdicion especial 60 aniversario aEspaña :bEditorial Planeta,c2014. a255 p. :bil. fotos : 30 cm. aIncluye índice alfabético aNuevos récords alucinantes cobran vida. Un excelente regalo para divertirse y aprender. Edición coleccionista especial aniversario para celebrar los 60 años del Libro Guinness de los Récords. Totalmente actualizado, con nuevo diseño de cubierta ¡y con más de 1.000 nuevas fotos! ? Descubre la sustancia más apestosa ? Refréscate con el explorador polar más joven ? Conoce a las mascotas más sorprendentes ? Aprende sobre el mayor robo de diamantes Este año, el libro incluye una sección con récords españoles y contenido adicional. Y además? Nueva app gratuita de realidad aumentada para ver cómo los récords emergen del libro en alucinante 3D.14aCuriosidades y maravillas14aRecords mundiales